000 00469nam a2200193Ia 4500
008 151121s9999||||xx |||||||||||||| ||und||
082 _a824-/MAL
082 _bHNW-9440
100 _aMalleson Colonel
245 _aRulers Of India
260 _bAt the Clarendon Press। Oxford।
260 _c--
300 _a188
600 _aMalleson Colonel
630 _aRulers Of India
700 _aMalleson Colonel
730 _aRulers Of India
942 _cBOOK
999 _c1215111
_d1215108